• 首页
  • 本馆介绍
  • 公告通知
  • 最新文献
  • 馆藏检索
  • 电子资源
  • 读者导购
  • 参考咨询
  • 我的图书馆
  • 登录
  • 详细信息显示
  • 放入我的书架
  • 预约/预借图书
  • 作者相关作品
  • 分类相关作品
  • 丛书相关作品
  • 出版社相关作品

书目信息

  • 表格格式
  • 工作单格式
  • 卡片格式
题名:
实验室安全技术
    
 
作者: 胡静 , 吴晶 , 朱亚娟 主编
分册:  
出版信息: 天津   天津科学技术出版社  2020.02
页数: 224页
开本: 26cm
丛书名:
单 册:
中图分类: N33
科图分类:
主题词: 实验室管理--shi yan shi guan li--安全管理
电子资源:
ISBN: 978-7-5576-7260-7
000 01159nam0 2200253 450
001 0106081930
005 20201106082048.0
010    @a978-7-5576-7260-7@dCNY48.90
100    @a20191129d2020 em y0chiy0110 ea
101 0  @achi
102    @aCN@b120000
105    @ay z 000yy
106    @ar
200 1  @a实验室安全技术@Ashi yan shi an quan ji shu@f胡静, 吴晶, 朱亚娟主编
210    @a天津@c天津科学技术出版社@d2020.02
215    @a224页@d26cm
330    @a本书介绍实验室安全技术的基础知识和基本技能,旨在提升学生的职业素养,改善学生的学习方式,促进学生学会学习,尊重生命、重视安全。主要介绍化学实验室安全的基本概念及特点,化学实验室基本安全规范,化学实验室用电安全及触电的应急措施,危险化学品的安全及规范化使用,实验室消防安全,化学实验室废弃物处理,实验室电离辐射安全,实验室常见设备的使用安全。本教材内容通俗易懂,理论密切联系实际,适合初学者及高等学校学生学习和使用,也可作为教师教学的参考书。
606 0  @a实验室管理@Ashi yan shi guan li@x安全管理
690    @aN33@v5
701  0 @a胡静@Ahu jing@4主编
701  0 @a吴晶@Awu jing@4主编
701  0 @a朱亚娟@Azhu ya juan@4主编
801  0 @aCN@bBJSZM@c20201106
905    @b1213448-51@dN33@e144@f4
    
    实验室安全技术/胡静, 吴晶, 朱亚娟主编.-天津:天津科学技术出版社,2020.02
    224页;26cm
    
    
    ISBN 978-7-5576-7260-7:CNY48.90
    本书介绍实验室安全技术的基础知识和基本技能,旨在提升学生的职业素养,改善学生的学习方式,促进学生学会学习,尊重生命、重视安全。主要介绍化学实验室安全的基本概念及特点,化学实验室基本安全规范,化学实验室用电安全及触电的应急措施,危险化学品的安全及规范化使用,实验室消防安全,化学实验室废弃物处理,实验室电离辐射安全,实验室常见设备的使用安全。本教材内容通俗易懂,理论密切联系实际,适合初学者及高等学校学生学习和使用,也可作为教师教学的参考书。
●
相关链接 在E读中查询图书 在五车中查询图书 在当当中查询图书 在豆瓣中查询图书


正题名:实验室安全技术     索取号:N33/144         预约/预借

序号 登录号 条形码 馆藏地/架位号 状态 备注
1 1213448   212134484   第二样本阅览室/ [索取号:N33/144] 在馆    
2 1213449   212134493   第三借阅区/ [索取号:N33/144] 在馆    
3 1213450   212134509   第三借阅区/ [索取号:N33/144] 在馆    
4 1213451   212134518   第三借阅区/ [索取号:N33/144] 在馆    
唐山师范学院图书馆 欢迎您!
大连网信软件有限公司© 版权所有